K.R. Narayanan: (Record no. 57419)

MARC details
000 -LEADER
fixed length control field 00774nam a22002177a 4500
005 - DATE AND TIME OF LATEST TRANSACTION
control field 20111007152536.0
010 ## - LCCN (DPL NO)
LC control number G-001687
020 ## - INTERNATIONAL STANDARD BOOK NUMBER
International Standard Book Number 98186405007
Terms of availability 700.00
035 ## - SYSTEM CONTROL NUMBER
System control number G-001687
037 ## - SOURCE OF ACQUISITION
Source of stock number/acquisition Gift
082 ## - DEWEY DECIMAL CLASSIFICATION NUMBER
Classification number 920
100 ## - MAIN ENTRY--PERSONAL NAME
Personal name Darshan Singh
245 ## - TITLE STATEMENT
Title K.R. Narayanan:
Statement of responsibility, etc by Darshan Singh
Remainder of title a journey from Uzhavoor to Raisina Hills /
260 ## - PUBLICATION, DISTRIBUTION, ETC. (IMPRINT)
Place of publication, distribution, etc New Delhi
Name of publisher, distributor, etc United Children's Movement
Date of publication, distribution, etc 1999
270 ## - ADDRESS
Address 12A/39, WEA, Karol Bagh
City New Delhi
Postal code 110005
300 ## - PHYSICAL DESCRIPTION
Extent vi, 203p.
Dimensions 18cm (Hb)
Other physical details b&w photos
500 ## - GENERAL NOTE
General note Includes index
942 ## - ADDED ENTRY ELEMENTS (KOHA)
Source of classification or shelving scheme Dewey Decimal Classification
Item type English Books
Call number suffix DAR
Classification part 920
Holdings
Withdrawn status Lost status Not for loan Collection code Home library Current library Date acquired Source of acquisition Cost, normal purchase price Full call number Barcode Copy number Cost, replacement price Koha item type
      Non-fiction Janak Puri Janak Puri 07/10/2011 gift 700.00 920 DAR G-001687 1 700.00 English Books

© Delhi Public Library
Hit Counter
free hit counter